[Event "AUT-ch U10 Girls"]
[Site "St Veit"]
[Date "2023.05.29"]
[Round "7"]
[White "Kotenko Gonzalez, Marina"]
[Black "Antolovic, Avni"]
[Result "0-1"]
[WhiteElo "895"]
[BlackElo "1072"]
[PlyCount "56"]
[EventDate "2023.05.27"]
[EventType "swiss"]
[EventRounds "7"]
[EventCountry "AUT"]
[SourceTitle "CBM 214 Extra"]
[Source "ChessBase"]
[SourceDate "2023.07.31"]
[SourceVersion "1"]
[SourceVersionDate "2023.07.31"]
[SourceQuality "1"]

1. e4 e5 2. Nf3 Nc6 3. Bc4 Bc5 4. d3 Nf6 5. Bg5 h6 6. Bh4 0-0 7. 0-0 d6 8. h3 Be6 9. Bb3 Nd4 10. Nxd4 Bxd4 11. c3 Bb6 12. Qf3 g5 13. Bg3 a6 14. Rd1 g4 15. Qe2 Kh8 16. Bh4 Rg8 17. Bxe6 fxe6 18. hxg4 Rf8 19. d4 Qe7 20. dxe5 dxe5 21. Na3 Qg7 22. Nc4 Nxg4 23. Nxb6 cxb6 24. f3 Nf6 25. Rd2 Nh5 26. Rad1 Nf4 27. Qe3 b5 28. Rd7 Qxg2# 0-1

[Event "AUT-ch U10 Girls"]
[Site "St Veit"]
[Date "2023.05.28"]
[Round "5"]
[White "Borgoiakova, Ailana"]
[Black "Antolovic, Avni"]
[Result "0-1"]
[WhiteElo "1045"]
[BlackElo "1072"]
[PlyCount "142"]
[EventDate "2023.05.27"]
[EventType "swiss"]
[EventRounds "7"]
[EventCountry "AUT"]
[SourceTitle "CBM 214 Extra"]
[Source "ChessBase"]
[SourceDate "2023.07.31"]
[SourceVersion "1"]
[SourceVersionDate "2023.07.31"]
[SourceQuality "1"]

1. e4 e5 2. Nf3 Nc6 3. Bb5 a6 4. Ba4 b5 5. Bb3 Nf6 6. 0-0 Nxe4 7. d4 d5 8. Nxe5 Nxe5 9. dxe5 Be6 10. Qf3 Bc5 11. Rd1 0-0 12. Be3 Bxe3 13. Qxe3 Rc8 14. c4 bxc4 15. Bxc4 a5 16. Nc3 Nxc3 17. Qxc3 a4 18. a3 c6 19. Qg3 Qe7 20. Bd3 Rb8 21. Rab1 f6 22. Qh4 h6 23. Qh5 Qf7 24. Qf3 fxe5 25. Qg3 e4 26. Be2 Qf6 27. Rd2 c5 28. Rc2 c4 29. h3 Rb3 30. Rc3 Rxc3 31. bxc3 d4 32. Rc1 Qe7 33. cxd4 Qf6 34. Rd1 g5 35. Kh1 Qf7 36. Kg1 h5 37. Qxg5+ Kh8 38. Qe5+ Kg8 39. Rf1 c3 40. Qxe4 Rc8 41. Qc2 Bb3 42. Qd3 c2 43. Rc1 Rf8 44. Qg3+ Kh8 45. Bd3 Rg8 46. Qe5+ Rg7 47. Be2 Bd5 48. Bf1 h4 49. Rxc2 Qe6 50. Qh5+ Rh7 51. Qd1 Rg7 52. Qc1 Qxh3 53. Qh6+ Kg8 54. f3 Qf5 55. Rd2 Qg6 56. Qxh4 Bxf3 57. Qd8+ Kh7 58. Qh4+ Kg8 59. Qh3 Bg4 60. Qg3 Be6 61. Qb8+ Kh7 62. Qh2+ Kg8 63. d5 Bd7 64. Qb8+ Kh7 65. Bd3 Bf5 66. Qh2+ Kg8 67. Bc4 Rd7 68. d6+ Be6 69. Bb5 Rf7 70. d7 Qb1+ 71. Bf1 Qxf1# 0-1

[Event "AUT-ch U10 Girls"]
[Site "St Veit"]
[Date "2023.05.28"]
[Round "4"]
[White "Ehrengruber, Emilia"]
[Black "Antolovic, Avni"]
[Result "1/2-1/2"]
[WhiteElo "864"]
[BlackElo "1072"]
[PlyCount "73"]
[EventDate "2023.05.27"]
[EventType "swiss"]
[EventRounds "7"]
[EventCountry "AUT"]
[SourceTitle "CBM 214 Extra"]
[Source "ChessBase"]
[SourceDate "2023.07.31"]
[SourceVersion "1"]
[SourceVersionDate "2023.07.31"]
[SourceQuality "1"]

1. e4 e5 2. Nf3 Nc6 3. Bc4 Bc5 4. 0-0 Nf6 5. Ng5 d5 6. exd5 Nxd5 7. Nxf7 Kxf7 8. Qf3+ Qf6 9. Bxd5+ Be6 10. Bxe6+ Kxe6 11. Qxf6+ Kxf6 12. Nc3 Kf7 13. Nb5 Rac8 14. d3 Rhf8 15. Be3 Bb6 16. Bxb6 axb6 17. f4 Kg8 18. f5 Rf6 19. Rae1 Rcf8 20. Nxc7 Rxf5 21. Nd5 Rxf1+ 22. Rxf1 Rxf1+ 23. Kxf1 h5 24. Nxb6 g5 25. Kf2 Kg7 26. Kf3 Kg6 27. g4 Nd4+ 28. Kg3 Nxc2 29. Nc4 h4+ 30. Kf3 Kf6 31. Ke4 Nb4 32. a3 Nc6 33. b4 b5 34. Nd6 Nd4 35. Kd5 Nf3 36. h3 Ng1 37. Ne4+ 1/2-1/2

[Event "AUT-ch U10 Girls"]
[Site "St Veit"]
[Date "2023.05.27"]
[Round "2"]
[White "Busuioc, Amelie"]
[Black "Antolovic, Avni"]
[Result "0-1"]
[WhiteElo "916"]
[BlackElo "1072"]
[PlyCount "72"]
[EventDate "2023.05.27"]
[EventType "swiss"]
[EventRounds "7"]
[EventCountry "AUT"]
[SourceTitle "CBM 214 Extra"]
[Source "ChessBase"]
[SourceDate "2023.07.31"]
[SourceVersion "1"]
[SourceVersionDate "2023.07.31"]
[SourceQuality "1"]

1. e4 e5 2. Nf3 Nc6 3. Bc4 Nf6 4. Nc3 Bc5 5. d3 0-0 6. Bg5 h6 7. Bh4 Be7 8. 0-0 d6 9. h3 Nh5 10. Bxe7 Qxe7 11. Nd2 Qg5 12. Qf3 Nf4 13. Kh2 Nd4 14. Qg3 Qh5 15. Nd5 Nde2 16. Qf3 Qh4 17. Nxf4 Nxf4 18. Nb1 Re8 19. Nc3 Be6 20. Bd5 c6 21. Bxe6 Rxe6 22. Ne2 Rg6 23. Nxf4 exf4 24. g4 Re8 25. Qxf4 Re5 26. Qg3 Qf6 27. f4 Rb5 28. f5 Rg5 29. b3 h5 30. Qh4 hxg4 31. hxg4 g6 32. a4 Rh5 33. gxh5 Qxh4+ 34. Kg1 Re5 35. hxg6 fxg6 36. fxg6 Rg5# 0-1